| 000 | 00693cam a22002413a 4500 | ||
|---|---|---|---|
| 001 | 4929 | ||
| 003 | PGUSA | ||
| 005 | 20140828083111.0 | ||
| 008 | 040101s2004||||xxu|||||s|||||000 1 eng d | ||
| 040 |
_aPGUSA _beng |
||
| 042 | _adc | ||
| 050 | 4 | _aPS | |
| 100 | 1 |
_aPhillips, David Graham, _d1867-1911 |
|
| 245 | 1 | 4 |
_aThe Fashionable Adventures of Joshua Craig : _bA Novel _h[electronic resource] / _cDavid Graham Phillips |
| 260 |
_bProject Gutenberg, _c2004 |
||
| 506 | _aPublic domain in the USA. | ||
| 516 | _aElectronic text | ||
| 653 | _aFiction | ||
| 653 | _aAdventure stories | ||
| 830 | 0 |
_aProject Gutenberg _v4929 |
|
| 856 | 4 | 0 | _uhttp://www.gutenberg.org/ebooks/4929 |
| 942 | _cEB | ||
| 999 |
_c234258 _d234258 |
||